000 00521nam a2200181Ia 4500
003 GCL
008 140319s9999 xx 000 0 ara d
040 _aGCL /
_cGCL
082 0 4 _a822.043
_bإ هـ
100 1 _aايس، هنريك
245 1 0 _aهيدا جابلر /
_cايس، هنريك
700 1 _aفوزى شهين (مترجم)
300 _a252
490 _aروائع المسرح العالمى
_v0
650 0 4 _aالمسرحيات
650 0 4 _aالمسرحيات الانجليزية
942 _2ddc
_cBK
999 _c42973
_d42973